| 000 | 00462nam a2200193Ia 4500 | ||
|---|---|---|---|
| 008 | 170918s9999 xx 000 0 und d | ||
| 020 | _a9780516460345 | ||
| 050 | _bF785 1995 | ||
| 100 | _aFowler, Allan | ||
| 245 | _aWhat magnets can do? / | ||
| 260 | _aNew York : | ||
| 260 | _bScholastic, | ||
| 260 | _c1995 | ||
| 300 | _a31 pages : | ||
| 300 | _bcolored illustration ; | ||
| 300 | _c17cm. | ||
| 300 | _eRookie read-aroud science. | ||
| 500 | _a580 | ||
| 999 |
_c343102 _d343102 |
||